| 000 | 00899cam a2200265 4500 | ||
|---|---|---|---|
| 008 | 090401t1987 xxu||||| |||| 00| 0 eng d | ||
| 020 | _a0117520152 | ||
| 035 | _a(Sirsi) u25238 | ||
| 041 | _aeng | ||
| 050 | _a333.70285 | ||
| 110 |
_aCommittee of Enquiry into the Handling of Geographic Information _9947 |
||
| 245 | _aHandling geographic information: report to the Secretary of State for the Environment of the Committee of Enquiry into the Handling of Geographic Information | ||
| 260 |
_aLondon _bHMSO _c1987 |
||
| 300 | _avi, 208p. : ill. ; 30cm. | ||
| 350 | _a14.95 | ||
| 650 | _aDIGITAL MAPPING | ||
| 650 | _aGIS | ||
| 650 | _aORDNANCE SURVEY | ||
| 650 | _aPOSTCODES | ||
| 650 | _aSPATIAL DATA | ||
| 700 |
_aChorley, Roger Richard Edward Chorley _cBaron _d1930- _xChairman |
||
| 710 |
_aUnited Kingdom _bDepartment of the Environment _9982 |
||
| 942 | _n0 | ||
| 948 | _c04/03/1997 | ||
| 999 |
_c88700 _d88700 |
||